000 00174nam a2200073Ia 4500
008 170620s9999 xx 000 0 und d
100 _aMishra
245 0 _aEARLY CHILDHOOD CARE & EDUCATION
260 _bAPH PU
999 _c26092
_d26092